00700 2200229 4500001002100000005001700021008004100038035002400079082001000103090001800113245010100131260009600232300002100328650003300349700001800382850001200400985000600412999001500418999001500433990001100448990001100459YOGYA-0209000006167620090227035944.0 ind  0010-020900000061676 a499.2 a499.2bBiblT aBIBLIGRAFI tentang bibliografi kebahasaan Indonesia dan daerahbBeranotasicoleh : Siti Salbiyah aJakartabPusat Pembinaan dan Pengembangan Bahasa Departemen Pendidikan dan Kebudayaanc1985 ax, 77 hlmc21 cm aBibliografi bahasa Indonesia aSiti Salbiyah aYOPDYOG a2 aA000004003 aA000004295 a4003-A a4295-A